Six months in Persia / (Record no. 793162)

MARC details
000 -LEADER
fixed length control field 00760nam a2200277 a 4500
001 - CONTROL NUMBER
control field vtls000969499
003 - CONTROL NUMBER IDENTIFIER
control field NLI
005 - DATE AND TIME OF LATEST TRANSACTION
control field 20210627095145.0
008 - FIXED-LENGTH DATA ELEMENTS--GENERAL INFORMATION
fixed length control field 120112s1882 enk 000 0 eng
020 ## - INTERNATIONAL STANDARD BOOK NUMBER
Terms of availability Rs.6.00
039 #9 - LEVEL OF BIBLIOGRAPHIC CONTROL AND CODING DETAIL [OBSOLETE]
-- 201201121811
-- Entertech_02
040 0# - CATALOGING SOURCE
Original cataloging agency NLI
Language of cataloging eng
Transcribing agency Entertech-FY 2010
Description conventions AACR2
041 0# - LANGUAGE CODE
Language code of text/sound track or separate title eng
044 ## - COUNTRY OF PUBLISHING/PRODUCING ENTITY CODE
MARC country code enk
084 ## - OTHER CLASSIFICATION NUMBER
Classification number 67.A.163
100 1# - MAIN ENTRY--PERSONAL NAME
Personal name Stack, Edward
9 (RLIN) 779897
245 10 - TITLE STATEMENT
Title Six months in Persia /
Statement of responsibility, etc. by Edward Stack
260 ## - PUBLICATION, DISTRIBUTION, ETC.
Place of publication, distribution, etc. London :
Name of publisher, distributor, etc. Sampson Low,
Date of publication, distribution, etc. 1882
300 ## - PHYSICAL DESCRIPTION
Extent 2v. ;
Dimensions 21 cm.
651 #0 - SUBJECT ADDED ENTRY--GEOGRAPHIC NAME
Geographic name Persia
General subdivision Description and travel
887 ## - NON-MARC INFORMATION FIELD
Content of non-MARC field
901 ## - LOCAL DATA ELEMENT A, LDA (RLIN)
a IMP52998 :
b 11.08.2010
9 v.1
901 ## - LOCAL DATA ELEMENT A, LDA (RLIN)
a IMP52997 :
b 11.08.2010
9 v.2
902 ## - LOCAL DATA ELEMENT B, LDB (RLIN)
a 67.A.163
942 ## - ADDED ENTRY ELEMENTS (KOHA)
Source of classification or shelving scheme Dewey Decimal Classification
Koha item type Books
Holdings
Withdrawn status Lost status Damaged status Not for loan Home library Current library Date acquired Total Checkouts Full call number Date last seen Price effective from Koha item type
        National Library of India National Library of India     67.A.163 27/06/2021 27/06/2021 Books
                                                                           
web counter

Copyright ©2020 The National Library of India, Govt. of India ↔ Hosted by NVLI, MOC ↔ Technology and Design by National Library of India, Ministry of Culture, Govt. of India